Động vật học có xương sống /

Сохранить в:
Библиографические подробности
Главный автор: Trần Kiên.
Другие авторы: Trần Hồng Việt.
Формат: Sách giấy
Язык:Vietnamese
Опубликовано: H. : Đại học Sư phạm, 2009.
Редактирование:Tái bản lần thứ hai, có sửa chữa bổ sung.
Предметы:
Метки: Добавить метку
Нет меток, Требуется 1-ая метка записи!
Thư viện lưu trữ: Thư viện Trường Đại học Đà Lạt
LEADER 01420nam a2200361 4500
001 DLU100111020
005 ##20100826
040 # # |a DLU  |b vie 
041 # # |a vie 
044 # # |a vn 
082 # # |a 596  |b TR-K 
100 # # |a Trần Kiên. 
245 # # |a Động vật học có xương sống /  |c Trần Kiên, Trần Hồng Việt. 
250 # # |a Tái bản lần thứ hai, có sửa chữa bổ sung. 
260 # # |a H. :  |b Đại học Sư phạm,  |c 2009. 
300 # # |a 527 tr. :  |b minh hoạ ;  |c 24 cm. 
504 # # |a Tài liệu tham khảo: tr. 524-527. 
505 # # |a Chương I. Ngành dây sống -- Chương II. Phân ngành động vật có xương sống -- Chương III. Tổng lớp có hàm - các lớp cá -- Chương IV. Lớp lưỡng cư -- Chương V. Lớp bò sát -- Chương VI. Lớp chim -- Chương VII. Lớp có vú -- Chương VIII. Giải phẫu so sánh động vật có xương sống -- Chương IX. Khái quát về sự phân bố và sự phát triển của động vật trên trái đất. 
653 # # |a Động vật có xương sống 
653 # # |a Giáo trình 
653 # # |a Giải phẫu học 
700 # # |a Trần Hồng Việt. 
923 # # |a 06/2010 
991 # # |a GT 
992 # # |a 81000 
994 # # |a DLU 
900 # # |a True 
911 # # |a Đào Thị Thu Huyền 
925 # # |a G 
926 # # |a A 
927 # # |a SH 
980 # # |a Thư viện Trường Đại học Đà Lạt